000 00397nam a22001457a 4500
005 20250823104311.0
008 250823b |||||||| |||| 00| 0 eng d
020 _a9780801064302
050 _aBP172
_b.G45 GEI
100 _aGEISLER L. NORMAN
245 _aANSWERING ISLAM;
_bTHE CRESCENT IN LIGHT OF THE CROSS
260 _aGRAND RAPIDS
_bBAKERBOOKS
_cc2002
300 _a366p
942 _2lcc
_cBK
_n0
999 _c7347
_d7347